Cinco escritos morales / (Record no. 123576)

MARC details
000 -CABECERA
campo de control de longitud fija 00618nam a2200205 u 4500
005 - FECHA Y HORA DE LA ÚLTIMA TRANSACCIÓN
campo de control 20240913063950.0
008 - ELEMENTOS DE LONGITUD FIJA--INFORMACIÓN GENERAL
campo de control de longitud fija 070827s1997 r 000 0 eng d
020 ## - NÚMERO INTERNACIONAL NORMALIZADO PARA LIBROS
Número Internacional Estándar del Libro 8426412564
035 ## - NÚMERO DE CONTROL DEL SISTEMA
Número de control de sistema UPN01000151439
049 ## - COLECCIÓN
Colección CG
050 #4 - SIGNATURA TOPOGRÁFICA DE LA BIBLIOTECA DEL CONGRESO
Número de clasificación PQ4813 C6
Número de documento/Ítem C5.6
100 1# - ASIENTO PRINCIPAL--NOMBRE PERSONAL
Nombre de persona Eco, Umberto,
Fechas asociadas al nombre 1932-2016
9 (RLIN) 30161
245 10 - MENCIÓN DE TÍTULO
Título Cinco escritos morales /
Mención de responsabilidad, etc. Umberto Eco ; tr. Helena Lozano Miralles.
260 ## - PUBLICACIÓN, DISTRIBUCIÓN, ETC.
Lugar de publicación, distribución, etc. Barcelona, Esp. :
Nombre del editor, distribuidor, etc. Lumen,
Fecha de publicación, distribución, etc. [1997].
300 ## - DESCRIPCIÓN FÍSICA
Extensión 140 P.
534 ## - NOTA SOBRE LA VERSIÓN ORIGINAL
Frase introductoria Título original:
Mención de título del original Cinque scritti morali
600 14 - ASIENTO SECUNDARIO DE MATERIA - NOMBRE PERSONAL
Nombre de persona ECO, UMBERTO,
Fechas asociadas al nombre 1932-
9 (RLIN) 8070
650 #4 - ASIENTO SECUNDARIO DE MATERIA - TERMINO TEMATICO
Término de materia o nombre geográfico como elemento de entrada Literatura italiana
9 (RLIN) 5068
650 #4 - ASIENTO SECUNDARIO DE MATERIA - TERMINO TEMATICO
Término de materia o nombre geográfico como elemento de entrada MORAL
Holdings
Estado de retiro Estado de pérdida Fuente del sistema de clasificación o colocación Estado dañado No para préstamo Código de colección Localización permanente Ubicación/localización actual Ubicación en estantería Total de préstamos Clasificación Código de barras Fecha visto por última vez Número de copia Tipo de ítem Koha
    Library of Congress Classification     Colección General Bib. Gregorio Torres Quintero Bib. Gregorio Torres Quintero Planta baja 2 PQ4813 C6 C5.6 251862 31/12/2020 1 Libro